Liste des titres de Cure - Statistiques

Statistiques générales
  • Ce quiz a été pris 55 fois
    48 depuis la dernière actualisation
  • Le résultat moyen est 54 sur 176
Statistiques - réponses
Album Année Titre % Correct
The Cure 2004 (I Don't Know What's Going) On
100%
Seventeen Seconds 1980 A Forest
92%
Disintegration 1989 Lovesong
92%
Boys Don't Cry 1980 Boys Don't Cry
83%
Japanese Whispers 1983 The Lovecats
83%
The Head on the Door 1985 Close to me
75%
Disintegration 1989 Disintegration
75%
Faith 1981 Faith
75%
Disintegration 1989 Fascination Street
75%
Disintegration 1989 Lullaby
75%
Faith 1981 Primary
75%
Kiss Me, Kiss Me, Kiss Me 1987 The Kiss
75%
Wish 1992 Friday I"m in Love
67%
The Head on the Door 1985 In Between Days
67%
Kiss Me, Kiss Me, Kiss Me 1987 Just Like Heaven
67%
Boys Don't Cry 1980 Killing an Arab
67%
Japanese Whispers 1983 Let's Go to Bed
67%
Seventeen Seconds 1980 M
67%
Pornography 1982 Pornography
67%
Seventeen Seconds 1980 Seventeen Seconds
67%
The Head on the Door 1985 The Blood
67%
Seventeen Seconds 1980 Three
67%
Kiss Me, Kiss Me, Kiss Me 1987 Why Can't be You ?
67%
Wish 1992 A Letter to Elise
58%
Bloodflowers 2000 Bloodflowers
58%
Three Imaginary Boys 1979 Fire in Cairo
58%
Boys Don't Cry 1980 Fire in Cairo
58%
Boys Don't Cry 1980 Jumping Someone Else's Train
58%
Disintegration 1989 Pictures of You
58%
Seventeen Seconds 1980 Play For Today
58%
Japanese Whispers 1983 The Walk
58%
Three Imaginary Boys 1979 Three Imaginary Boys
58%
Boys Don't Cry 1980 Three Imaginary Boys
58%
Three Imaginary Boys 1979 Accuracy
50%
Boys Don't Cry 1980 Accuracy
50%
Faith 1981 All Cats Are Grey
50%
Kiss Me, Kiss Me, Kiss Me 1987 Catch
50%
Disintegration 1989 Closedown
50%
Pornography 1982 Cold
50%
Disintegration 1989 Homesick
50%
The Head on the Door 1985 Kyoto Song
50%
Disintegration 1989 Prayers for Rain
50%
The Top 1984 Shake Dog Shake
50%
Pornography 1982 Siamese Twins
50%
Three Imaginary Boys 1979 Subway Song
50%
Boys Don't Cry 1980 Subway Song
50%
The Top 1984 The Caterpillar
50%
Pornography 1982 The Figurehead
50%
Faith 1981 The Funeral Party
50%
Pornography 1982 The Hanging Garden
50%
Faith 1981 The Holy Hour
50%
Three Imaginary Boys 1979 10:15 Saturday Night
42%
Boys Don't Cry 1980 10:15 Saturday Night
42%
Songs of A Lost World 2024 Alone
42%
The Head on the Door 1985 A Night Like This
42%
Three Imaginary Boys 1979 Foxy Lady
42%
Three Imaginary Boys 1979 Grinding Halt
42%
Boys Don't Cry 1980 Grinding Halt
42%
Seventeen Seconds 1980 In Your House
42%
Kiss Me, Kiss Me, Kiss Me 1987 Like Cockatoos
42%
The Cure 2004 Lost
42%
The Head on the Door 1985 Screw
42%
Faith 1981 The Drowning Man
42%
The Top 1984 The Top
42%
Japanese Whispers 1983 The Upstairs Room
42%
Kiss Me, Kiss Me, Kiss Me 1987 All I Want
33%
Wish 1992 End
33%
Songs of A Lost World 2024 Endsong
33%
Japanese Whispers 1983 Lament
33%
Three Imaginary Boys 1979 Object
33%
Pornography 1982 One Hundred Years
33%
Faith 1981 Other Voices
33%
The Head on the Door 1985 Sinking
33%
Three Imaginary Boys 1979 So What
33%
Boys Don't Cry 1980 So What
33%
Japanese Whispers 1983 The Dream
33%
Songs of A Lost World 2024 A Fragile Thing
25%
Seventeen Seconds 1980 A Reflection
25%
Pornography 1982 A Strange Day
25%
Kiss Me, Kiss Me, Kiss Me 1987 A Thousand Hours
25%
Seventeen Seconds 1980 At Night
25%
The Top 1984 Bananafishbones
25%
Wish 1992 From the Edge of the Deep Green Sea
25%
Kiss Me, Kiss Me, Kiss Me 1987 Hot Hot Hot !!!
25%
Kiss Me, Kiss Me, Kiss Me 1987 How Beautiful You Are
25%
Songs of A Lost World 2024 I Can Never Say Goodbye
25%
Japanese Whispers 1983 Just One Kiss
25%
Wish 1992 Open
25%
Disintegration 1989 Plainsong
25%
Disintegration 1989 The Same Deep Water as You
25%
Kiss Me, Kiss Me, Kiss Me 1987 Torture
25%
Songs of A Lost World 2024 Warsong
25%
Songs of A Lost World 2024 All I Ever Am
17%
Three Imaginary Boys 1979 Another day
17%
Boys Don't Cry 1980 Another Day
17%
Pornography 1982 A Short Term Effect
17%
The Top 1984 Bird Mad Girl
17%
Wish 1992 Cut
17%
Faith 1981 Doubt
17%
The Top 1984 Dressing Up
17%
Songs of A Lost World 2024 Drone:Nodrone
17%
Kiss Me, Kiss Me, Kiss Me 1987 Fight
17%
Wish 1992 High
17%
Kiss Me, Kiss Me, Kiss Me 1987 Icing Sugar
17%
Kiss Me, Kiss Me, Kiss Me 1987 If Only Tonight we Could Sleep
17%
The Cure 2004 Labyrinth
17%
Disintegration 1989 Last Dance
17%
Three Imaginary Boys 1979 Meathook
17%
Kiss Me, Kiss Me, Kiss Me 1987 One More Time
17%
The Top 1984 Piggy in the Mirror
17%
The Head on the Door 1985 Push
17%
Seventeen Seconds 1980 Secrets
17%
Kiss Me, Kiss Me, Kiss Me 1987 Shiver and Shake
17%
The Head on the Door 1985 Six Different Ways
17%
Kiss Me, Kiss Me, Kiss Me 1987 Snakepit
17%
Seventeen Seconds 1980 The Final Sound
17%
Bloodflowers 2000 The Last Day of Summer
17%
4:13 Dream 2008 The Reasons Why
17%
Wish 1992 To Wish Impossible Things
17%
Disintegration 1989 Untitled
17%
The Top 1984 Wailing Wall
17%
Wild Mood Swings 1996 Want
17%
Bloodflowers 2000 39
8%
The Cure 2004 alt.end
8%
The Cure 2004 Anniversary
8%
Wish 1992 Apart
8%
Wild Mood Swings 1996 Bare
8%
The Cure 2004 Before Three
8%
Wild Mood Swings 1996 Club America
8%
Wish 1992 Doing the Unstuck
8%
4:13 Dream 2008 Freakshow
8%
The Top 1984 Give me It
8%
The Cure 2004 Going Nowhere
8%
Wild Mood Swings 1996 Gone !
8%
Three Imaginary Boys 1979 It's Not You
8%
4:13 Dream 2008 It's Over
8%
Wild Mood Swings 1996 Jupiter Crash
8%
Wild Mood Swings 1996 Mint Car
8%
The Cure 2004 Never
8%
Wild Mood Swings 1996 Numb
8%
Bloodflowers 2000 Out of This World
8%
Boys Don't Cry 1980 Plastic Passion
8%
Wild Mood Swings 1996 Return
8%
Wild Mood Swings 1996 Round & Round & Round
8%
4:13 Dream 2008 Sirensong
8%
4:13 Dream 2008 Sleep When I'm Dead
8%
Japanese Whispers 1983 Speak my Language
8%
Wild Mood Swings 1996 Strange Attraction
8%
4:13 Dream 2008 Switch
8%
The Cure 2004 Taking Off
8%
Wild Mood Swings 1996 The 13th
8%
The Head on the Door 1985 The Baby Screams
8%
The Cure 2004 The End of the World
8%
4:13 Dream 2008 The Hungry Ghost
8%
4:13 Dream 2008 The Only One
8%
4:13 Dream 2008 The Perfect Boy
8%
Kiss Me, Kiss Me, Kiss Me 1987 The Perfect Girl
8%
The Cure 2004 The Promise
8%
4:13 Dream 2008 The Real Snow White
8%
Bloodflowers 2000 There is no if...
8%
4:13 Dream 2008 The Scream
8%
4:13 Dream 2008 This. Here and Now. With You
8%
Wild Mood Swings 1996 Trap
8%
Wild Mood Swings 1996 Treasure
8%
Wish 1992 Trust
8%
4:13 Dream 2008 Underneath the Stars
8%
The Cure 2004 Us or Them
8%
Bloodflowers 2000 Watching me Fall
8%
Wish 1992 Wendy Time
8%
Bloodflowers 2000 Where the Birds Always Sing
8%
Songs of A Lost World 2024 And Nothing is Forever
0%
Bloodflowers 2000 Maybe Someday
0%
The Top 1984 The Empty World
0%
Bloodflowers 2000 The Loudest Sound
0%
Three Imaginary Boys 1979 The Weedy Burton
0%
Wild Mood Swings 1996 This is Life
0%
Aucun quiz correspondant
Distribution des résultats
% des personnes avec chaque résultat
Percentile par nombre de réponses
Votre historique - résultats
Vous n’avez pas pris ce quiz depuis la dernière actualisation